000
00243nam a2200097Ia 4500
001
653399
005
20250826154457.0
008
250824s9999 xx 000 0 und d
245
0
_a
BEŞ ŞEHİR
_c
AHMET HAMDİ TANPINAR
260
_b
DERGAH YAYINLARI
999
_c
653399
_d
653399